01388nam a2200253 a 4500001001000000003000900010005001700019008003100036020001800067040002500085082002900110245009600139260004600235300003400281505051300315650002700828650002600855650002500881650002400906650005100930700001800981710008900999710004601088000046836DO-SdBNP20240722115755.0180402s2015 drv 000 spa d a9789945423341 aDO-SdBNPbspacBPMSU 4aRD860.08bA634u 201522200aAntología I : bTaller Literario Mariano Lebrón Saviñón/6 Ana Muñoz... [et al.]. aSanto Domingo :bUniversidad APEC,c2015. a129, [14] p. :bil. ;c24 cm.0 aPalabras del director de español y excoordinador del taller / Nan Chevalier -- Los antologizados y algunas de sus obras -- El taller en imágenes --Casado, Denisse Grullón Abreu, Eddy Paulino, Enma Pérez, Fabio Jiménez Guillén, Isidro Abreu Hernández, Jean Carlos Paulino Santana, Laura Chevalier, Melissa Andújar, Meredith Mercedes, Princis Espino, Ramiro Rodríguez Segura, Sóstenes Raúl Languasco Méndez, Vanessa Paz, Víctor Dios Morel, Yeimy de Díaz del Rosario, Yoaska Esther 4 a Literatura dominicana4 aPoesía dominicana 4 aEnsayos dominicanos 4 aCuentos dominicanos4 aMovimientos literarioszRepública Dominicana1 3Muñoz, Ana 2 aTaller Literario Mariano Lebrón Saviñón 2 aUniversidad APEC (República Dominicana)